“工厂”地点数量≥1500的地级行政区 Prefectures with ≥1500 factory sites - Statistics

General Stats
  • This quiz has been taken 93 times
  • The average score is 19 of 28
Answer Stats
地级行政区 数量 % Correct
上海 2476
97%
广州 3904
95%
深圳 2093
95%
苏州 3928
93%
北京 1659
93%
无锡 2326
88%
杭州 1910
87%
常州 1772
84%
宁波 4934
83%
东莞 5211
81%
重庆 3478
80%
成都 2236
80%
佛山 5050
79%
温州 2324
77%
泉州 2079
69%
台州 2220
65%
南通 1680
65%
绍兴 1677
65%
金华 3436
64%
惠州 2131
63%
中山 3190
61%
嘉兴 2051
60%
江门 1893
44%
汕头 1608
40%
保定 1568
23%
临沂 2113
19%
赣州 1822
12%
沧州 1642
9%
No matching quizzes found
Score Distribution
Percent of People with Each Score
Percentile by Number Answered
Your Score History
You have not taken this quiz